Catálogo público

Construcciones para las explotaciones porcinas / traducción Elias Fernández González (Record no. 217185)

MARC details
000 -CABECERA
campo de control de longitud fija 00944nam a2200253Ia 4500
001 - NÚMERO DE CONTROL
campo de control Z_6941
008 - DATOS DE LONGITUD FIJA--INFORMACIÓN GENERAL
campo de control de longitud fija 220601s9999 xx 000 0 und d
082 ## - NÚMERO DE LA CLASIFICACIÓN DECIMAL DEWEY
Número de clasificación 636.40831 C66
245 ## - MENCIÓN DE TÍTULO
Título Construcciones para las explotaciones porcinas / traducción Elias Fernández González
260 ## - PUBLICACIÓN, DISTRIBUCIÓN, ETC.
Lugar de publicación, distribución, etc. España : Acribia
300 ## - DESCRIPCIÓN FÍSICA
Extensión xiv,110 p.
440 ## - MENCIÓN DE SERIE/PUNTO DE ACCESO ADICIONAL--TÍTULO
Título Manuales de técnica agropecuaria
9 (RLIN) 70676
500 ## - NOTA GENERAL
Nota general Este libro es traducción del boletín número 160, Housing the pig (edición actual, 1962) Publicado por el Ministry of Agriculture, Fisheries and Food.
503 ## - NOTA DE HISTORIA BIBLIOGRÁFICA (BK CF MU) [OBSOLETO]
Nota de historia bibliográfica ej.1: C/E
650 ## - PUNTO DE ACCESO ADICIONAL DE MATERIA--TÉRMINO DE MATERIA
Término de materia o nombre geográfico como elemento de entrada 1. Alojamiento de cerdos
650 ## - PUNTO DE ACCESO ADICIONAL DE MATERIA--TÉRMINO DE MATERIA
Término de materia o nombre geográfico como elemento de entrada Estructuras e instalaciones agrarias
9 (RLIN) 143224
650 ## - PUNTO DE ACCESO ADICIONAL DE MATERIA--TÉRMINO DE MATERIA
Término de materia o nombre geográfico como elemento de entrada Comederos para cerdos
9 (RLIN) 146363
700 ## - PUNTO DE ACCESO ADICIONAL--NOMBRE DE PERSONA
Nombre de persona Fernández González, Elias, tr.Ì
9 (RLIN) 180399
901 ## - ELEMENTOS DE DATOS A LOCAL LDA (RLIN)
a 636.40831 C66
902 ## - ELEMENTOS DE DATOS B LOCAL, LDB (RLIN)
a A
905 ## - ELEMENTOS DE DATOS E LOCAL, LDE (RLIN)
a 5232271963 sp adm 8222223322spa16
942 ## - ELEMENTOS DE PUNTO DE ACCESO ADICIONAL (KOHA)
Tipo de ítem Koha Libro_
Holdings
Estado de retiro Estado de pérdida Fuente del sistema de clasificación o colocación Estado dañado No para préstamo Código de colección Localización permanente Ubicación/localización actual Ubicación en estantería Fecha de adquisición Total de préstamos Código de barras Fecha visto por última vez Fecha del último préstamo Número de copia Precio válido a partir de Tipo de ítem Koha
    Dewey Decimal Classification     General Zootecnia Zootecnia   26/04/2018 1 z_7057 13/04/2023 13/04/2023 1 02/06/2022 Libro